000 00643nam a2200277Ia 4500
005 20260324141959.0
008 008 260324s9999 xx 000 0 eng d
020 _a9780429064586
037 _aEBOOK
040 _aCRL
040 _beng
040 _cCRL
041 _2eng
041 _aeng
084 _qCRL
100 _aMarko Petkovsek; Herbert S Wilf; Doron Zeilberger
_91210237
245 2 _aA = B
260 _bTaylor and Francis
260 _c1996
365 _a
365 _b385
856 _uhttp://www.taylorfrancis.com/books/9780429064586
942 _cEBOOK
999 _c1813911
_d1813911